000 00644nam a2200229Ia 4500
003 OSt
005 20220918191949.0
006 a|||||r|||| 00| 0
007 ta
008 220917b |||||||| |||| 00| 0 eng d
024 _a66,208
037 _cTextual
040 _aARTS
_cARTS
_beng
041 _2eng
_aeng
082 _aR3xC57:9, J4;K9.1-.2-;1-.3-;1
100 _aFriedlander Paul
_977887
245 0 _aPlato , tr from the German by Hans Meyerhoff
260 _c1964
490 _aBollingen series; LIX , 1-2
942 _hR3xC57:9, J4;K9.1-.2-;1-.3-;1
_cTEXL
_2CC
999 _c192442
_d192442